European Cities - Multiple Choice #1 - Statistics

General Stats
  • This quiz has been taken 270 times
  • The average score is 14 of 15
Answer Stats
Question Answer % Correct
Choose European city. Amsterdam
100%
Choose European city. Belgrade
100%
Choose European city. Cork
100%
Choose European city. Hanover
100%
Choose European city. Manchester
100%
Choose European city. Paris
100%
Choose European city. Sarajevo
100%
Choose European city. Seville
100%
Choose European city. Venice
100%
Choose European city. Volgograd
100%
Choose European city. Gothenburg
93%
Choose European city. Porto
93%
Choose European city. Thessaloniki
93%
Choose European city. Graz
80%
Choose European city. Katowice
67%
No matching quizzes found
Score Distribution
Percent of People with Each Score
Percentile by Number Answered
Your Score History
You have not taken this quiz